| 000 | 00528nam a2200157 i 4500 | ||
|---|---|---|---|
| 001 | 20268 | ||
| 003 | ES-MaACL | ||
| 005 | 20230906152251.0 | ||
| 007 | t| | ||
| 008 | 021108s1957 sp ||||1| spa d | ||
| 100 | 1 |
_aAguirre Andrés, Antonio. _918850 |
|
| 245 | 1 | 0 |
_aTumbas antiguas, ajuares, inscripciones sepulcrales / _cAntonio Aguirre Andrés. |
| 260 |
_aBilbao : _b[s.n., _c1957] ( _fEscuelas Gráfs. de la Santa Casa de Misericordia) |
||
| 300 |
_a215 p., 1 lám. : _bil. ; _c24 cm. |
||
| 852 |
_aES-MaACL _jC-13244 _bR.41278 |
||
| 999 |
_c20268 _d20268 |
||